000 00896nam a22002057a 4500
999 _c26245
_d26245
003 BDDh-ASL
005 20231016062613.0
008 211002s1986 b ||||| |||| 00| 0 b d
040 _cBDDh-ASL
082 _a923.72
_bABN
100 1 _91974
_aআবদুল্লাহ, মুহাম্মদ
245 1 0 _aনওয়াব সলীমুল্লাহ্ : জীবন ও কর্ম /
246 _aNawab Salimullah: Jiban O Karma
260 _aঢাকা:
_bইসলামিক ফাউন্ডেশন বাংলাদেশ,
_c১৯৮৬।
300 _a৪৩৪ পৃষ্ঠা, :
_c২২ সে. মি.
504 _aগ্রন্থপঞ্জি সংযুক্ত ।
600 1 0 _94733
_aসলীমুল্লাহ্, নওয়াব
650 0 _abiographical dictionary - চরিতাভিধান
_94665
942 _2ddc
_cBK